000 00828cab a2200253 4500
001 WB3205-14
008 090401t1996 xxu||||| |||| 00| 0 eng d
035 _a(Sirsi) u14069
041 _aeng
245 _aABN Amro to build HQ at Spitalfields
260 _c1996
350 _a0
490 _aFinancial Times
_v2 January 1996, 9(1)
520 _aDescribes plans by a Dutch bank to build an investment banking headquarters on the site of the former Spitalfields fruit market on the NE edge of the City of London.
650 _aABN AMRO
650 _aBANK HEADQUARTERS
650 _aCITY OF LONDON
650 _aFINANCIAL CENTRES
650 _aOFFICE DEVELOPMENT
650 _aSPITALFIELDS
690 _aPROPERTY-COMMERCIAL PROPERTY-COMMERCIAL PROPERTY FINANCE AND INVESTMENT
942 _n0
948 _c04/03/1997
999 _c9121
_d9121